Introducción a la dinámica de sistemas / (Record no. 110256)

MARC details
000 -LEADER
campo de control de longitud fija 00493nam a2200181 4500
001 - NÚMERO DE CONTROL
campo de control 27246
005 - FECHA Y HORA DE LA ÚLTIMA TRANSACCIÓN
campo de control 20230411085954.0
008 - DATOS DE LONGITUD FIJA--INFORMACIÓN GENERAL
campo de control de longitud fija 060907n1978 dr spa
020 ## - NÚMERO INTERNACIONAL ESTÁNDAR DEL LIBRO
Número Internacional Estándar del Libro 8420622052
035 ## - NÚMERO DE CONTROL DEL SISTEMA
-- funglode27451
041 ## - CÓDIGO DE IDIOMA
Código de lengua del texto/banda sonora o título independiente ES
100 ## - ENTRADA PRINCIPAL--NOMBRE DE PERSONA
Nombre de persona Aracil, JAvier
245 1# - MENCIÓN DEL TÍTULO
Título Introducción a la dinámica de sistemas /
Mención de responsabilidad, etc. Javier Aracil
260 ## - PUBLICACIÓN, DISTRIBUCIÓN, ETC.
Lugar de publicación, distribución, etc. Madrid :
Nombre del editor, distribuidor, etc. ALianza Editorial,
Fecha de publicación, distribución, etc. 1978
300 ## - DESCRIPCIÓN FÍSICA
Extensión 303 p.
440 ## - MENCIÓN DE SERIE/PUNTO DE ACCESO ADICIONAL--TÍTULO
Título Col. : Alianza Universidad ;
Designación de volumen o secuencia 205
942 ## - ELEMENTOS DE ENTRADA SECUNDARIOS (KOHA)
Fuente del sistema de clasificación o colocación Clasificación de Library of Congress
Tipo de ítem Koha
Holdings
Estatus retirado Estado de pérdida Fuente del sistema de clasificación o colocación Estado de daño No para préstamo Colección Biblioteca de origen Biblioteca actual Ubicación en estantería Fecha de adquisición Código de barras Visto por última vez Copia número Tipo de ítem Koha
    Clasificación de Library of Congress     Automatización y Procesos Técnicos Biblioteca Juan Bosch Biblioteca Juan Bosch Automatización y Procesos Técnicos (1er. Piso) 17/02/2019 00000028419 17/02/2019 1